Reforma poradenstva v Európe - zmena politík, systémov a praxe

Informácie pre profesionálov z oblasti tvorby politických kocepcií, manažérov poradenských služieb, poskytovateľov poradenstva. Dôvody, prečo sú potrebné reformy poradenstva v Európe. Premieňanie celoživotného učenia a celoživotného vzdelávania na realitu. Priority Rezolúcie o posilňovaní politík, s...

ver descrição completa

Na minha lista:
Detalhes bibliográficos
Autor principal: Baranová, Aneta
Formato: Capítulo de Livro
Idioma:eslovaco
Assuntos:
Tags: Adicionar Tag
Sem tags, seja o primeiro a adicionar uma tag!

MARC

LEADER 00000naa$a2200000$$$4500
001 0027117
005 20230918124843.5
041 0 |a slo 
044 |a SK 
245 1 0 |a Reforma poradenstva v Európe - zmena politík, systémov a praxe  |c Aneta Baranová 
520 |a Informácie pre profesionálov z oblasti tvorby politických kocepcií, manažérov poradenských služieb, poskytovateľov poradenstva. Dôvody, prečo sú potrebné reformy poradenstva v Európe. Premieňanie celoživotného učenia a celoživotného vzdelávania na realitu. Priority Rezolúcie o posilňovaní politík, systémov a aktivít v oblasti celoživotného poradenstva v Európe. Politické záväzky k reformám. Podniknuté kroky na podporu zmien na európskej úrovni. 
610 2 0 |a poradcovia 
610 2 0 |a poradenstvo 
610 2 0 |a poradenstvo profesionálne 
610 2 0 |a reformy 
610 2 0 |a Európa 
610 2 0 |a vzdelávanie celoživotné 
610 2 0 |a príprava odborná 
610 2 0 |a programy 
100 1 |a Baranová, Aneta